| 000 | 00000nam 2200000zi 4500 |
| 001 | 9.924728 |
| 003 | CaOODSP |
| 005 | 20241119160711 |
| 006 | m o d f |
| 007 | cr cn||||||||| |
| 008 | 230705e202311##onc ob f000 0 eng d |
| 020 | |a9780660493589 |
| 040 | |aCaOODSP|beng|erda|cCaOODSP |
| 043 | |an-cn--- |
| 086 | 1 |aT52-4/104-2023E-PDF |
| 100 | 1 |aLalla, Diana, |eauthor. |
| 245 | 10|aRegression coefficients and equations used to develop the winter 2023-24 aircraft ground deicing holdover time tables / |bprepared by Diana Lalla. |
| 250 | |aFinal version 1.0 |
| 264 | 1|a[Ottawa] : |bTransport Canada = Transports Canada, |cnovember 2023. |
| 300 | |a1 online resource (1 volume (various pagings)) |
| 336 | |atext|btxt|2rdacontent |
| 337 | |acomputer|bc|2rdamedia |
| 338 | |aonline resource|bcr|2rdacarrier |
| 500 | |a"Prepared for: Transport Canada, Programs Group, Innovation Centre. In cooperation with: Federal Aviation Administration, William J. Hughes Technical Center, Transport Canada, Civil Aviation, Federal Aviation Administration, Flight Standards – Air Carrier Operations." |
| 504 | |aIncludes bibliographical references. |
| 520 | |a"Systems that measure temperature, precipitation type, and precipitation rate in real-time, and use that data to provide holdover time guidance information, are a relatively new development in the aircraft ground de/anti-icing industry ... In order for these systems to be used by operators, regulators must make the regression information underlying the HOT Guidelines available to users"--Executive summary, page vii. |
| 546 | |aIncludes summary in French. |
| 650 | 0|aDeicing chemicals|xTesting. |
| 650 | 0|aAirplanes|xIce prevention. |
| 650 | 6|aFondants chimiques|xEssais. |
| 650 | 6|aAvions|xGivrage|xPreĢvention. |
| 710 | 1 |aCanada. |bTransport Canada, |eissuing body. |
| 710 | 2 |aAPS Aviation Inc., |econsultant. |
| 856 | 40|qPDF|s31.60 MB|uhttps://publications.gc.ca/collections/collection_2024/tc/T52-4-104-2023-eng.pdf |
| 986 | |aTP 15558E |